| 000 | 01049pam a2200313 a 4500 | ||
|---|---|---|---|
| 001 | 4803731 | ||
| 003 | OSt | ||
| 005 | 20250901165748.0 | ||
| 008 | 881122s1989 nyu 000 0aeng | ||
| 010 | _a 88043282 | ||
| 020 |
_a0394575040 : _c$22.95 |
||
| 040 |
_aDLC _cDLC _dDLC |
||
| 043 |
_an-us--- _ae------ |
||
| 050 | 0 | 0 |
_aE 748 .K374 A3 1989 _bA3 1989 |
| 082 | 0 | 0 |
_a327.2/092/4 _aB _219 |
| 100 | 1 |
_aKennan, George F. _q(George Frost), _d1904-2005. |
|
| 245 | 1 | 0 |
_aSketches from a life / _cGeorge F. Kennan. |
| 250 | _a1st ed. | ||
| 260 |
_aNew York : _bPantheon Books, _cc1989. |
||
| 300 |
_axiv, 365 p. ; _c25 cm. |
||
| 600 | 1 | 0 |
_aKennan, George F. _q(George Frost), _d1904-2005 _xDiaries. |
| 650 | 0 |
_aAmbassadors _zUnited States _xBiography. |
|
| 650 | 0 |
_aHistorians _zUnited States _xBiography. |
|
| 651 | 0 |
_aEurope _xPolitics and government _y1918-1945. |
|
| 651 | 0 |
_aEurope _xPolitics and government _y1945- |
|
| 651 | 0 |
_aEurope _xSocial conditions _y20th century. |
|
| 906 |
_a7 _bcbc _corignew _d1 _eocip _f19 _gy-gencatlg |
||
| 942 |
_2lcc _cBK |
||
| 999 |
_c8914 _d8914 |
||